M : (Record no. 26951)
[ view plain ]
| 000 -LEADER | |
|---|---|
| fixed length control field | 00812nam a22002655a 4500 |
| 005 - DATE AND TIME OF LATEST TRANSACTION | |
| control field | 20181105111326.0 |
| 008 - FIXED-LENGTH DATA ELEMENTS--GENERAL INFORMATION | |
| fixed length control field | 181105t2019 nyua frb 001 0 eng d |
| 020 ## - INTERNATIONAL STANDARD BOOK NUMBER | |
| International Standard Book Number | 9781260092103 |
| 020 ## - INTERNATIONAL STANDARD BOOK NUMBER | |
| International Standard Book Number | 1260092100 |
| 040 ## - CATALOGING SOURCE | |
| Original cataloging agency | EG-ScBUE |
| Language of cataloging | eng |
| Transcribing agency | EG-ScBUE |
| Modifying agency | EG-ScBUE |
| 082 04 - DEWEY DECIMAL CLASSIFICATION NUMBER | |
| Classification number | 658.8 |
| Item number | GRE |
| Edition number | 22 |
| 100 1# - MAIN ENTRY--PERSONAL NAME | |
| Personal name | Grewal, Dhruv. |
| 9 (RLIN) | 31192 |
| 245 10 - TITLE STATEMENT | |
| Title | M : |
| Remainder of title | marketing / |
| Statement of responsibility, etc | Dhruv Grewal, Michael Levy. |
| 246 33 - VARYING FORM OF TITLE | |
| Title proper/short title | Marketing |
| 250 ## - EDITION STATEMENT | |
| Edition statement | 6th ed., International student ed. |
| 260 ## - PUBLICATION, DISTRIBUTION, ETC. (IMPRINT) | |
| Place of publication, distribution, etc | New York : |
| Name of publisher, distributor, etc | McGraw-Hill Education, |
| Date of publication, distribution, etc | c.2019. |
| 300 ## - PHYSICAL DESCRIPTION | |
| Extent | xii, 468 p. : |
| Other physical details | ill. (col.) ; |
| Dimensions | 28 cm. |
| 504 ## - BIBLIOGRAPHY, ETC. NOTE | |
| Bibliography, etc | Includes bibliographical references and index. |
| 650 #7 - SUBJECT ADDED ENTRY--TOPICAL TERM | |
| Topical term or geographic name as entry element | Marketing. |
| Source of heading or term | BUEsh |
| 651 ## - SUBJECT ADDED ENTRY--GEOGRAPHIC NAME | |
| Source of heading or term | BUEsh |
| 653 ## - INDEX TERM--UNCONTROLLED | |
| Resource For college | BAEPS, Business Administration |
| Arrived date list | November2018 |
| 655 ## - INDEX TERM--GENRE/FORM | |
| Form subdivision | Text book |
| 700 1# - ADDED ENTRY--PERSONAL NAME | |
| Personal name | Levy, Michael, |
| Dates associated with a name | 1950- |
| 9 (RLIN) | 31194 |
| 942 ## - ADDED ENTRY ELEMENTS (KOHA) | |
| Source of classification or shelving scheme | Dewey Decimal Classification |
| Withdrawn status | Item status | Source of classification or shelving scheme | Damaged status | Not for loan | Vendor | Home library | Current library | Shelving location | Date acquired | Source of acquisition | Cost, normal purchase price | Total Checkouts | Full call number | Barcode | Date last seen | Koha item type | Total Renewals | Date last borrowed |
|---|---|---|---|---|---|---|---|---|---|---|---|---|---|---|---|---|---|---|
| Dewey Decimal Classification | Baccah | Central Library | Central Library | First floor | 05/11/2018 | Purchase | 550.00 | 658.8 GRE | 000043812 | 15/07/2025 | NB - Book (Non borrowing) | |||||||
| Dewey Decimal Classification | Baccah | Central Library | Central Library | First floor | 05/11/2018 | Purchase | 658.8 GRE | 000043813 | 31/07/2019 | NB - Book (Non borrowing) | ||||||||
| Dewey Decimal Classification | Baccah | Central Library | Central Library | First floor | 05/11/2018 | Purchase | 550.00 | 4 | 658.8 GRE | 000043814 | 15/07/2025 | Book - Borrowing | 48 | 19/11/2020 | ||||
| Dewey Decimal Classification | Baccah | Central Library | Central Library | First floor | 05/11/2018 | Purchase | 4 | 658.8 GRE | 000043815 | 15/07/2025 | Book - Borrowing | 8 | 02/02/2022 | |||||
| Dewey Decimal Classification | Baccah | Central Library | Central Library | First floor | 05/11/2018 | Purchase | 3 | 658.8 GRE | 000043816 | 15/07/2025 | Book - Borrowing | 23 | 17/12/2019 |